| 000 | 00643nam a2200193 a 4500 | ||
|---|---|---|---|
| 008 | 120416s1990 ||||||||||||||||| || u | ||
| 020 | _a0452265967 | ||
| 050 | _aHD 69.T54 Lev | ||
| 100 | _aLevinson, Jay Conrad | ||
| 245 | 1 | 4 | _aThe ninety-minute hour |
| 246 | _a90-minute hour. | ||
| 260 |
_aNew York _bPenguin _c1990 |
||
| 300 | _a221p | ||
| 350 | _a0.00 | ||
| 500 | _aIncludes bibliographical references (p. 197-200). | ||
| 650 | 0 | _aMANAGEMENT | |
| 650 | _aTIME MANAGEMENT | ||
| 995 |
_D0.00 _FCBU-MAIN LIBRARY (Kitwe) _H1 _I8.95 _M1 _UAVAILABLE _ZAnnex Low-Usage Collection |
||
| 999 |
_c52277 _d52277 |
||